Loading...
Encyclopedia of Microbiology:Vol-1.
Challenges the reader, and illustrates the importance of microbiology. This four-volume set contains approximately 300 articles, 1000 illustrations, and 400 tables, providing color plate sections. It covers 17 subject areas, including coverage of microbes in extreme environments and microbes in emer...
| Main Author: | |
|---|---|
| Format: | Printed Book |
| Published: |
San Diego
Academic Press
2000
|
| Edition: | 2nd;Ed. |
| Subjects: | |
| Online Access: | http://classify.oclc.org/classify2/ClassifyDemo?owi=55555850 |
| LEADER | 00976nam a2200181 4500 | ||
|---|---|---|---|
| 999 | |c 149109 |d 149105 | ||
| 020 | |a 0122268016 | ||
| 082 | |a 579.03 LED/E | ||
| 100 | |a Lederberg, Joshua;Ed. |9 63841 | ||
| 245 | |a Encyclopedia of Microbiology:Vol-1. | ||
| 250 | |a 2nd;Ed. | ||
| 260 | |a San Diego |b Academic Press |c 2000 | ||
| 300 | |a 929p. | ||
| 520 | |a Challenges the reader, and illustrates the importance of microbiology. This four-volume set contains approximately 300 articles, 1000 illustrations, and 400 tables, providing color plate sections. It covers 17 subject areas, including coverage of microbes in extreme environments and microbes in emerging infections. | ||
| 650 | |a Microbiology -- Encyclopedias--Microbiology--Microbiologie -- Encyclopédies. |9 63842 | ||
| 856 | |u http://classify.oclc.org/classify2/ClassifyDemo?owi=55555850 | ||
| 942 | |c BK | ||
| 952 | |0 0 |1 0 |4 0 |6 579_030000000000000_LED_E |7 0 |9 147936 |a SBS |b SBS |d 2017-10-13 |l 0 |o 579.03 LED/E |p SBSR1364 |r 2017-10-13 |w 2017-10-13 |y BK | ||